|
|
|
|
| LEADER |
01443nam a22003017a 4500 |
| 001 |
33231 |
| 003 |
BD-DhAAL |
| 005 |
20180707110138.0 |
| 008 |
180707t2013 kyua|||| b||| 001 0 eng d |
| 999 |
|
|
|c 39556
|d 39556
|
| 020 |
|
|
|a 9781111534394
|
| 020 |
|
|
|a 111153439-x
|
| 040 |
|
|
|a BD-DhAAL
|
| 082 |
|
|
|a 330.015195
|2 22
|
| 100 |
|
|
|a Wooldridge, Jeffrey M.
|d 1960-
|9 26559
|
| 245 |
|
|
|a Introductory econometrics :
|b a modern approach /
|c Jeffrey M. Wooldridge.
|
| 250 |
|
|
|a 5th edition
|
| 260 |
|
|
|a Independence, Kentucky :
|b South-Western Cengage Learning,
|c c2013
|
| 300 |
|
|
|a xxvii, 878 pages :
|b illustrations ;
|c 24 cm.
|
| 500 |
|
|
|a International edition
|
| 504 |
|
|
|a Includes bibliographical references and index.
|
| 505 |
|
|
|a Regression analysis with cross-sectional data --
Regression analysis with time series data --
Advanced topics --
appendices : Basic Mathematical tools; Fundamentals of probability; Fundamentals of mathematical statistics; Summary of matrix algebra; The linnear regression model in matrix form; Answers to chapter questions; Statistical tables.
|
| 526 |
|
|
|a AAL
|
| 541 |
|
|
|a Trim Education
|e 33231
|
| 650 |
|
|
|a Econometrics.
|9 26560
|
| 852 |
|
|
|a Ayesha Abed Library
|c General Stacks
|
| 942 |
|
|
|2 ddc
|c BK
|
| 952 |
|
|
|0 0
|1 0
|2 ddc
|4 0
|6 330_015195000000000_WOO
|7 0
|9 63567
|a BRACUL
|b BRACUL
|c GEN
|d 2018-07-03
|e Trim Education
|g 4990.00
|l 8
|m 84
|o 330.015195 WOO
|p 3010033231
|r 2025-06-26
|s 2025-02-10
|t 1
|v 4990.00
|w 2018-07-03
|y BK
|